Plant biotechnology: (Record no. 123)
[ view plain ]
| 000 -LEADER | |
|---|---|
| fixed length control field | 00481nam a22001457a 4500 |
| 020 ## - ISBN | |
| International Standard Book Number | 9780199560875 |
| 050 ## - LIBRARY OF CONGRESS CALL NUMBER | |
| Classification Number | TP248.27 |
| Item Number | .P55 2008 |
| 100 ## - MAIN ENTRY--Author | |
| Personal name | Slatter, Adrian |
| 245 ## - TITLE | |
| Title | Plant biotechnology: |
| Remainder of title | the genetic manipulation |
| Statement of responsibility, etc | Adrian Slatter, Nigel W. Scott, Mark R. Fowler, |
| 250 ## - EDITIONSTATEMENT | |
| Edition statement | 2nd ed. |
| 300 ## - PHYSICAL DESCRIPTION | |
| Field link and sequence number | 9.2x7.5x0.4 inches |
| Extent | xxiii.376p. |
| 500 ## - GENERALNOTE | |
| General note | includes Index, table of cotents |
| 650 ## - SUBJECT--TOPIC | |
| Form subdivision | Plant genetic engineering |
| -- | Plant biotechnology |
| General subdivision | Plant genomes |
| 942 ## - ADDED ENTRY ELEMENTS(KOHA) | |
| Koha item type | General circulation |
| Source of classification or shelving scheme | Not for loan | Location (home branch) | Sublocation (holding branch) | Date accessioned | Cost, normal purchase price | Full call number | Barcode | Cost, replacement price | Nonpublic note | Koha item type |
|---|---|---|---|---|---|---|---|---|---|---|
| Library of Congress Classification | Main Campus Library | Main Campus Library | 06/05/2014 | 4500.00 | TP248.27 .P55 2008 | 2017/020777 | 5500.00 | S.O. | General circulation |